<?xml version="1.0" encoding="UTF-8"?>
<record
    xmlns:xsi="http://www.w3.org/2001/XMLSchema-instance"
    xsi:schemaLocation="http://www.loc.gov/MARC21/slim http://www.loc.gov/standards/marcxml/schema/MARC21slim.xsd"
    xmlns="http://www.loc.gov/MARC21/slim">

  <leader>00533nam a2200193   4500</leader>
  <controlfield tag="003">SEACOMEC</controlfield>
  <controlfield tag="005">20241203124001.0</controlfield>
  <controlfield tag="008">231017b        |||||||| |||| 00| 0 eng d</controlfield>
  <datafield tag="020" ind1=" " ind2=" ">
    <subfield code="c">Rs.495.00</subfield>
    <subfield code="a">9788131726228</subfield>
  </datafield>
  <datafield tag="040" ind1=" " ind2=" ">
    <subfield code="a">SEACOMEC</subfield>
  </datafield>
  <datafield tag="082" ind1="1" ind2=" ">
    <subfield code="a">004.16</subfield>
    <subfield code="b">B848</subfield>
  </datafield>
  <datafield tag="100" ind1=" " ind2=" ">
    <subfield code="a">Bray,barry B.</subfield>
  </datafield>
  <datafield tag="245" ind1="1" ind2="4">
    <subfield code="a">(The) Intel microprocessor 8086 / 8088</subfield>
    <subfield code="c">,Barry B. Bray</subfield>
  </datafield>
  <datafield tag="250" ind1=" " ind2=" ">
    <subfield code="a">7th ed.</subfield>
  </datafield>
  <datafield tag="260" ind1=" " ind2=" ">
    <subfield code="a">New Delhi</subfield>
    <subfield code="b">Pentice hall</subfield>
    <subfield code="c">2006, 2007</subfield>
  </datafield>
  <datafield tag="650" ind1=" " ind2=" ">
    <subfield code="a">Computer science, *Personal computers</subfield>
  </datafield>
  <datafield tag="700" ind1=" " ind2=" ">
    <subfield code="a">Barry B. Brey</subfield>
  </datafield>
  <datafield tag="942" ind1=" " ind2=" ">
    <subfield code="c">BOOK</subfield>
  </datafield>
  <datafield tag="952" ind1=" " ind2=" ">
    <subfield code="0">0</subfield>
    <subfield code="1">0</subfield>
    <subfield code="2">ddc</subfield>
    <subfield code="4">0</subfield>
    <subfield code="7">0</subfield>
    <subfield code="a">SEACOMEC</subfield>
    <subfield code="b">SEACOMEC</subfield>
    <subfield code="d">2007-05-08</subfield>
    <subfield code="l">0</subfield>
    <subfield code="o">004.16 B848</subfield>
    <subfield code="p">6661</subfield>
    <subfield code="r">2024-08-09 16:10:50</subfield>
    <subfield code="w">2024-08-09</subfield>
    <subfield code="y">BOOK</subfield>
  </datafield>
  <datafield tag="952" ind1=" " ind2=" ">
    <subfield code="0">0</subfield>
    <subfield code="1">0</subfield>
    <subfield code="2">ddc</subfield>
    <subfield code="4">0</subfield>
    <subfield code="7">0</subfield>
    <subfield code="a">SEACOMEC</subfield>
    <subfield code="b">SEACOMEC</subfield>
    <subfield code="d">2007-05-08</subfield>
    <subfield code="l">0</subfield>
    <subfield code="o">004.16 B848</subfield>
    <subfield code="p">6662</subfield>
    <subfield code="r">2024-08-09 16:10:50</subfield>
    <subfield code="t">1</subfield>
    <subfield code="w">2024-08-09</subfield>
    <subfield code="y">BOOK</subfield>
  </datafield>
  <datafield tag="952" ind1=" " ind2=" ">
    <subfield code="0">0</subfield>
    <subfield code="1">0</subfield>
    <subfield code="2">ddc</subfield>
    <subfield code="4">0</subfield>
    <subfield code="7">0</subfield>
    <subfield code="a">SEACOMEC</subfield>
    <subfield code="b">SEACOMEC</subfield>
    <subfield code="d">2007-05-08</subfield>
    <subfield code="l">0</subfield>
    <subfield code="o">004.16 B848</subfield>
    <subfield code="p">6663</subfield>
    <subfield code="r">2024-08-09 16:10:50</subfield>
    <subfield code="t">2</subfield>
    <subfield code="w">2024-08-09</subfield>
    <subfield code="y">BOOK</subfield>
  </datafield>
  <datafield tag="952" ind1=" " ind2=" ">
    <subfield code="0">0</subfield>
    <subfield code="1">0</subfield>
    <subfield code="2">ddc</subfield>
    <subfield code="4">0</subfield>
    <subfield code="7">0</subfield>
    <subfield code="a">SEACOMEC</subfield>
    <subfield code="b">SEACOMEC</subfield>
    <subfield code="d">2007-05-08</subfield>
    <subfield code="l">0</subfield>
    <subfield code="o">004.16 B848</subfield>
    <subfield code="p">6664</subfield>
    <subfield code="r">2024-08-09 16:10:50</subfield>
    <subfield code="t">3</subfield>
    <subfield code="w">2024-08-09</subfield>
    <subfield code="y">BOOK</subfield>
  </datafield>
  <datafield tag="952" ind1=" " ind2=" ">
    <subfield code="0">0</subfield>
    <subfield code="1">0</subfield>
    <subfield code="2">ddc</subfield>
    <subfield code="4">0</subfield>
    <subfield code="7">0</subfield>
    <subfield code="a">SEACOMEC</subfield>
    <subfield code="b">SEACOMEC</subfield>
    <subfield code="d">2007-05-08</subfield>
    <subfield code="l">0</subfield>
    <subfield code="o">004.16 B848</subfield>
    <subfield code="p">6665</subfield>
    <subfield code="r">2024-08-09 16:10:50</subfield>
    <subfield code="t">4</subfield>
    <subfield code="w">2024-08-09</subfield>
    <subfield code="y">BOOK</subfield>
  </datafield>
  <datafield tag="952" ind1=" " ind2=" ">
    <subfield code="0">0</subfield>
    <subfield code="1">0</subfield>
    <subfield code="2">ddc</subfield>
    <subfield code="4">0</subfield>
    <subfield code="7">0</subfield>
    <subfield code="a">SEACOMEC</subfield>
    <subfield code="b">SEACOMEC</subfield>
    <subfield code="d">2008-04-03</subfield>
    <subfield code="l">0</subfield>
    <subfield code="o">004.16 B848</subfield>
    <subfield code="p">10609</subfield>
    <subfield code="r">2024-12-03 12:38:46</subfield>
    <subfield code="t">5</subfield>
    <subfield code="w">2024-12-03</subfield>
    <subfield code="y">BOOK</subfield>
  </datafield>
  <datafield tag="952" ind1=" " ind2=" ">
    <subfield code="0">0</subfield>
    <subfield code="1">0</subfield>
    <subfield code="2">ddc</subfield>
    <subfield code="4">0</subfield>
    <subfield code="7">0</subfield>
    <subfield code="a">SEACOMEC</subfield>
    <subfield code="b">SEACOMEC</subfield>
    <subfield code="d">2008-04-03</subfield>
    <subfield code="l">0</subfield>
    <subfield code="o">004.16 B848</subfield>
    <subfield code="p">10610</subfield>
    <subfield code="r">2024-12-03 12:38:46</subfield>
    <subfield code="t">6</subfield>
    <subfield code="w">2024-12-03</subfield>
    <subfield code="y">BOOK</subfield>
  </datafield>
  <datafield tag="952" ind1=" " ind2=" ">
    <subfield code="0">0</subfield>
    <subfield code="1">0</subfield>
    <subfield code="2">ddc</subfield>
    <subfield code="4">0</subfield>
    <subfield code="7">0</subfield>
    <subfield code="a">SEACOMEC</subfield>
    <subfield code="b">SEACOMEC</subfield>
    <subfield code="d">2008-04-03</subfield>
    <subfield code="l">0</subfield>
    <subfield code="o">004.16 B848</subfield>
    <subfield code="p">10611</subfield>
    <subfield code="r">2024-12-03 12:38:46</subfield>
    <subfield code="t">7</subfield>
    <subfield code="w">2024-12-03</subfield>
    <subfield code="y">BOOK</subfield>
  </datafield>
  <datafield tag="952" ind1=" " ind2=" ">
    <subfield code="0">0</subfield>
    <subfield code="1">0</subfield>
    <subfield code="2">ddc</subfield>
    <subfield code="4">0</subfield>
    <subfield code="7">0</subfield>
    <subfield code="a">SEACOMEC</subfield>
    <subfield code="b">SEACOMEC</subfield>
    <subfield code="d">2008-04-03</subfield>
    <subfield code="l">0</subfield>
    <subfield code="o">004.16 B848</subfield>
    <subfield code="p">10612</subfield>
    <subfield code="r">2024-12-03 12:38:46</subfield>
    <subfield code="t">8</subfield>
    <subfield code="w">2024-12-03</subfield>
    <subfield code="y">BOOK</subfield>
  </datafield>
  <datafield tag="952" ind1=" " ind2=" ">
    <subfield code="0">0</subfield>
    <subfield code="1">0</subfield>
    <subfield code="2">ddc</subfield>
    <subfield code="4">0</subfield>
    <subfield code="7">0</subfield>
    <subfield code="a">SEACOMEC</subfield>
    <subfield code="b">SEACOMEC</subfield>
    <subfield code="d">2008-04-03</subfield>
    <subfield code="l">0</subfield>
    <subfield code="o">004.16 B848</subfield>
    <subfield code="p">10613</subfield>
    <subfield code="r">2024-12-03 12:38:46</subfield>
    <subfield code="t">9</subfield>
    <subfield code="w">2024-12-03</subfield>
    <subfield code="y">BOOK</subfield>
  </datafield>
  <datafield tag="952" ind1=" " ind2=" ">
    <subfield code="0">0</subfield>
    <subfield code="1">0</subfield>
    <subfield code="2">ddc</subfield>
    <subfield code="4">0</subfield>
    <subfield code="7">0</subfield>
    <subfield code="a">SEACOMEC</subfield>
    <subfield code="b">SEACOMEC</subfield>
    <subfield code="d">2008-04-03</subfield>
    <subfield code="l">0</subfield>
    <subfield code="o">004.16 B848</subfield>
    <subfield code="p">10614</subfield>
    <subfield code="r">2024-12-03 12:38:46</subfield>
    <subfield code="t">10</subfield>
    <subfield code="w">2024-12-03</subfield>
    <subfield code="y">BOOK</subfield>
  </datafield>
  <datafield tag="952" ind1=" " ind2=" ">
    <subfield code="0">0</subfield>
    <subfield code="1">0</subfield>
    <subfield code="2">ddc</subfield>
    <subfield code="4">0</subfield>
    <subfield code="7">0</subfield>
    <subfield code="a">SEACOMEC</subfield>
    <subfield code="b">SEACOMEC</subfield>
    <subfield code="d">2008-04-03</subfield>
    <subfield code="l">0</subfield>
    <subfield code="o">004.16 B848</subfield>
    <subfield code="p">10615</subfield>
    <subfield code="r">2024-12-03 12:38:46</subfield>
    <subfield code="t">11</subfield>
    <subfield code="w">2024-12-03</subfield>
    <subfield code="y">BOOK</subfield>
  </datafield>
  <datafield tag="952" ind1=" " ind2=" ">
    <subfield code="0">0</subfield>
    <subfield code="1">0</subfield>
    <subfield code="2">ddc</subfield>
    <subfield code="4">0</subfield>
    <subfield code="7">0</subfield>
    <subfield code="a">SEACOMEC</subfield>
    <subfield code="b">SEACOMEC</subfield>
    <subfield code="d">2008-04-03</subfield>
    <subfield code="l">0</subfield>
    <subfield code="o">004.16 B848</subfield>
    <subfield code="p">10616</subfield>
    <subfield code="r">2024-12-03 12:38:46</subfield>
    <subfield code="t">12</subfield>
    <subfield code="w">2024-12-03</subfield>
    <subfield code="y">BOOK</subfield>
  </datafield>
  <datafield tag="952" ind1=" " ind2=" ">
    <subfield code="0">0</subfield>
    <subfield code="1">0</subfield>
    <subfield code="2">ddc</subfield>
    <subfield code="4">0</subfield>
    <subfield code="7">0</subfield>
    <subfield code="a">SEACOMEC</subfield>
    <subfield code="b">SEACOMEC</subfield>
    <subfield code="d">2008-04-03</subfield>
    <subfield code="l">0</subfield>
    <subfield code="o">004.16 B848</subfield>
    <subfield code="p">10617</subfield>
    <subfield code="r">2024-12-03 12:38:46</subfield>
    <subfield code="t">13</subfield>
    <subfield code="w">2024-12-03</subfield>
    <subfield code="y">BOOK</subfield>
  </datafield>
  <datafield tag="952" ind1=" " ind2=" ">
    <subfield code="0">0</subfield>
    <subfield code="1">0</subfield>
    <subfield code="2">ddc</subfield>
    <subfield code="4">0</subfield>
    <subfield code="7">0</subfield>
    <subfield code="a">SEACOMEC</subfield>
    <subfield code="b">SEACOMEC</subfield>
    <subfield code="d">2008-04-03</subfield>
    <subfield code="l">0</subfield>
    <subfield code="o">004.16 B848</subfield>
    <subfield code="p">10618</subfield>
    <subfield code="r">2024-12-03 12:38:46</subfield>
    <subfield code="t">14</subfield>
    <subfield code="w">2024-12-03</subfield>
    <subfield code="y">BOOK</subfield>
  </datafield>
  <datafield tag="999" ind1=" " ind2=" ">
    <subfield code="c">1558</subfield>
    <subfield code="d">1558</subfield>
  </datafield>
</record>
